000 00409nam a22001457a 4500
005 20170517091558.0
008 170517b xxu||||| |||| 00| 0 eng d
040 _cPK-LaUMT
082 _aZIAC 297.01
_bIBR-A
100 _aIbrahim bin Ali
245 _aAla musharif ul Quran ul khamis ashar ul hijari/
_cIbrahim bin Ali
260 _aبیروت:
_bدارالشروق،
_c1979
300 _a174 ص
942 _cBK
999 _c93647
_d93647